| 000 | 00555nam a2200193Ia 4500 | ||
|---|---|---|---|
| 003 | GCL | ||
| 008 | 140319s9999 xx 000 0 ara d | ||
| 040 |
_aGCL / _cGCL |
||
| 082 | 0 | 4 |
_a923.1 _bن ا |
| 100 | 1 | _aنجيب توفيق | |
| 245 | 1 | 0 |
_aام المماليك / _cنجيب توفيق |
| 260 |
_a[S.N] : _bدار العربى للنشر والتوزيع ، _c1989 |
||
| 300 | _a127 ص | ||
| 490 | _a | ||
| 650 | 0 | 4 | _aالادب العربى |
| 650 | 0 | 4 | _aالقصص العربية |
| 650 | 0 | 4 | _aالقصص التاريخية |
| 942 |
_2ddc _cBK |
||
| 999 |
_c35387 _d35387 |
||